00516nam a2200145Ia 4500003000900000008004100009020002600050040001600076100002200092245006800114260003200182300002000214490003300234856010300267IN-BaIIA211028s9999 xx s 000 0 eng d a9780819418272 (Print) cIIA Library aWigdor, Marc, ed. 0aSmart Focal Plane Arrays and Focal Plane Array Testingh[eBook] aWashington, USAbSPIEc1995 aOnline resource aProceedings of SPIE; V. 2474 uhttps://www.spiedigitallibrary.org/conference-proceedings-of-spie/2474yClick Here to Access eBook